000 005430000a22002050004500
999 _c47405
_d47405
001 147
003 CO-MdFUSB
005 20180712150741.0
008 180712b xxu||||| |||| 00| 0 eng d
020 _a958-04-1217-0
040 _cCO-MdBIC
082 0 4 _a863C J68po
100 1 _aInkiow, Dimiter
245 1 0 _aYo, Clara y el gato Casimiro / Dimiter Inkiow, traduccíon : Federico Schopf
260 _aBogotá : Norma
300 _a109 P.
500 _aCategoria a partir de los 7 años
650 1 4 _aLiteratura Infantil
942 _cLGB